U.S. Presidents By Number - Statistics

General Stats
  • This quiz has been taken 27 times
  • The average score is 14 of 20
Answer Stats
Hint Answer % Correct
46th Joe Biden
95%
4th James Madison
89%
16th Abraham Lincoln
84%
44th Barack Obama
84%
43rd George W. Bush
79%
38th Gerald Ford
79%
5th James Monroe
79%
40th Ronald Reagan
79%
19th Rutherford B. Hayes
79%
18th Ulysses S. Grant
74%
35th John F. Kennedy
68%
32nd Franklin D. Roosevelt
63%
14th Franklin Pierce
63%
31st Herbert Hoover
63%
28th Woodrow Wilson
63%
23rd Benjamin Harrison
58%
8th Martin van Buren
58%
9th William Henry Harrison
58%
11th James Knox Polk
47%
12th Zachary Taylor
47%
No matching quizzes found
Score Distribution
Percent of People with Each Score
Percentile by Number Answered
Your Score History
You have not taken this quiz